| 000 | 01058cam a22003017a 4500 | ||
|---|---|---|---|
| 005 | 20220329142544.0 | ||
| 008 | 011022d2000 mx abd r 00110 spa d | ||
| 010 | _a84847 | ||
| 011 | _a85819 | ||
| 020 | _a9688174750 | ||
| 035 | _a96356 | ||
| 110 | 0 |
_aMéxico. Secretaría de Medio Ambiente, Recursos Naturales y Pesca _977201 |
|
| 245 | 1 | 0 |
_aTextoguía forestal _c/por Secretaría de Medio Ambiente, Recursos Naturales y Pesca |
| 250 | _a4 ed. corr. y act. | ||
| 260 |
_aMéxico, D.F. : _bDirección de Cultura Forestal, _c2000 |
||
| 300 |
_a159 p. : _bilus. ; gráfs. ; mapas ; cuadros ; diagramas |
||
| 590 |
_aBATCH-UPD _b10 _c20130110 _lUCH01 _h1400 |
||
| 590 |
_aBATCH-UPD _b10 _c20130410 _lUCH01 _h0852 |
||
| 590 |
_aBATCH-UPD _b10 _c20130914 _lUCH01 _h0704 |
||
| 590 |
_aCONVERSION _b10 _c20130109 _lUCH01 _h1347 |
||
| 650 | 1 | 4 |
_aBosques. _914002 |
| 650 | 1 | 4 |
_aBosques _xPlagas. _914363 |
| 650 | 1 | 4 |
_aForestación. _942339 |
| 650 | 1 | 4 |
_aRecursos forestales. _995025 |
| 650 | 1 | 4 |
_aReforestación. _995474 |
| 901 | _aBK | ||
| 905 | _aMarco A. Mendoza T. | ||
| 999 |
_c84847 _d84847 |
||